Phân tích tình hình sản xuất kinh doanh ngành hàng nghêu trắng Bến Tre (Meretrix lyrata, Sowerby, 1851) ở Đồng bằng sông Cửu Long : Luận văn Thạc sĩ chuyên ngành Nuôi trồng Thủy sản

Nội dung đề tài là làm rõ thực trạng và phân tích các yếu tố ảnh hưởng đến tình hình khai thác nghêu giống tự nhiên, sản xuất, ương nghêu giống, nuôi nghêu thương phẩm và tiêu thụ sản phẩm. Từ đó, đề xuất những giải pháp để phát tri...

पूर्ण विवरण

में बचाया:
ग्रंथसूची विवरण
मुख्य लेखक: Lê, Tân Thới
स्वरूप: पुस्तक
भाषा:Undetermined
प्रकाशित: Cần Thơ Trường Đại học Cần Thơ 2010
विषय:
टैग : टैग जोड़ें
कोई टैग नहीं, इस रिकॉर्ड को टैग करने वाले पहले व्यक्ति बनें!
Thư viện lưu trữ: Trung tâm Học liệu Trường Đại học Cần Thơ
LEADER 01316nam a2200217Ia 4500
001 CTU_157920
008 210402s9999 xx 000 0 und d
082 |a 639.41 
082 |b Th462 
088 |a 60620301 
100 |a Lê, Tân Thới 
245 0 |a Phân tích tình hình sản xuất kinh doanh ngành hàng nghêu trắng Bến Tre (Meretrix lyrata, Sowerby, 1851) ở Đồng bằng sông Cửu Long : 
245 0 |b Luận văn Thạc sĩ chuyên ngành Nuôi trồng Thủy sản 
245 0 |c Lê Tân Thới ; Lê Xuân Sinh ( hướng dẫn khoa học ) 
260 |a Cần Thơ 
260 |b Trường Đại học Cần Thơ 
260 |c 2010 
520 |a Nội dung đề tài là làm rõ thực trạng và phân tích các yếu tố ảnh hưởng đến tình hình khai thác nghêu giống tự nhiên, sản xuất, ương nghêu giống, nuôi nghêu thương phẩm và tiêu thụ sản phẩm. Từ đó, đề xuất những giải pháp để phát triển ngành hàng nghêu các tỉnh ven biển phía Nam. 
650 |a Oyster-culture,Cách nuôi sò, trai, hàu 
904 |i QHieu 
980 |a Trung tâm Học liệu Trường Đại học Cần Thơ